NBA Finals Mvp 2025-1980 - Statistics

General Stats
  • This quiz has been taken 127 times
  • The average score is 38 of 45
Answer Stats
Year Finals MVP Winning Team Losing Team % Correct
2021 Giannis Antetokounmpo Bucks Suns
99%
2020 LeBron James Lakers Heat
99%
2023 Nikola Jokic Nuggets Heat
99%
2022 Stephen Curry Warriors Celtics
99%
2024 Jaylen Brown Celtics Mavericks
98%
2010 Kobe Bryant Lakers Celtics
98%
2009 Kobe Bryant Lakers Magic
98%
2016 LeBron James Cavaliers Warriors
98%
2013 LeBron James Heat Spurs
98%
2012 LeBron James Heat Thunder
98%
2011 Dirk Nowitzki Mavericks Heat
97%
2019 Kawhi Leonard Raptors Warriors
96%
2018 Kevin Durant Warriors Cavaliers
96%
2017 Kevin Durant Warriors Cavaliers
95%
2015 Andre Iguodala Warriors Cavaliers
94%
2007 Tony Parker Spurs Cavaliers
94%
2014 Kawhi Leonard Spurs Heat
93%
2008 Paul Pierce Celtics Lakers
93%
2001 Shaquille O'Neal Lakers 76ers
89%
2000 Shaquille O'Neal Lakers Pacers
89%
1998 Michael Jordan Bulls Jazz
88%
1997 Michael Jordan Bulls Jazz
88%
1996 Michael Jordan Bulls Supersonics
88%
1993 Michael Jordan Bulls Suns
88%
1992 Michael Jordan Bulls Trail Blazers
88%
1991 Michael Jordan Bulls Lakers
88%
2002 Shaquille O'Neal Lakers Nets
88%
1994 Hakeem Olajuwon Rockets Knicks
86%
1999 Tim Duncan Spurs Knicks
86%
1995 Hakeem Olajuwon Rockets Magic
85%
2005 Tim Duncan Spurs Pistons
85%
1990 Isiah Thomas Pistons Trail Blazers
82%
1986 Larry Bird Celtics Rockets
78%
1984 Larry Bird Celtics Lakers
77%
2003 Tim Duncan Spurs Nets
77%
1987 Magic Johnson Lakers Celtics
76%
2004 Chauncey billups Pistons Lakers
75%
1982 Magic Johnson Lakers 76ers
73%
1980 Magic Johnson Lakers 76ers
72%
1985 Kareem Abdul-Jabbar Lakers Celtics
70%
1988 James Worthy Lakers Pistons
64%
1989 Joe Dumars Pistons Lakers
61%
1983 Moses Malone 76ers Lakers
59%
1981 Cedric Maxwell Celtics Rockets
36%
2006 Dwayne Wade Heat Mavericks
26%
No matching quizzes found
Score Distribution
Percent of People with Each Score
Percentile by Number Answered
Your Score History
You have not taken this quiz